Postup audítora pri overovaní interného kontrolného systému vzhľadom na riziká
Vymedzenie pojmu interný kontrolný systém účtovnej jednotky. Hodnotenie vnútorného kontrolného systému audítorom. Etapy hodnotenia vnútorného kontrolného systému audítorom. Druhy rizík.
Enregistré dans:
| Auteur principal: | |
|---|---|
| Format: | Chapitre de livre |
| Langue: | slovaque |
| Sujets: | |
| Tags: |
Pas de tags, Soyez le premier à ajouter un tag!
|
MARC
| LEADER | 00000naa a2200000 4500 | ||
|---|---|---|---|
| 001 | r038869 | ||
| 005 | 20231002072605.5 | ||
| 041 | 0 | |a slo | |
| 044 | |a SK | ||
| 245 | 1 | 0 | |a Postup audítora pri overovaní interného kontrolného systému vzhľadom na riziká |c Štefan Fabian |
| 520 | |a Vymedzenie pojmu interný kontrolný systém účtovnej jednotky. Hodnotenie vnútorného kontrolného systému audítorom. Etapy hodnotenia vnútorného kontrolného systému audítorom. Druhy rizík. | ||
| 610 | 2 | 0 | |a audítori |
| 610 | 2 | 0 | |a audítorstvo |
| 610 | 2 | 0 | |a revízia účtovná |
| 610 | 2 | 0 | |a závierka účtovná |
| 610 | 2 | 0 | |a zodpovednosť hmotná |
| 610 | 2 | 0 | |a riziko |
| 100 | 1 | |a Fabian, Štefan | |